[Event "Moscow Spring Silent Rating"]
[Site "Moscow"]
[Date "2007.04.24"]
[Round "5"]
[White "Parfenov, Vjacheslav"]
[Black "Napylnikova, Oksana"]
[Result "1-0"]
[WhiteElo "2229"]
[BlackElo "2037"]
[PlyCount "47"]
[EventDate "2007.04.21"]
[EventType "tourn"]
[EventRounds "10"]
[EventCountry "RUS"]
[SourceTitle "EXT 2022"]
[Source "ChessBase"]
[SourceDate "2021.10.06"]
[SourceVersion "1"]
[SourceVersionDate "2021.10.06"]
[SourceQuality "1"]

1. e4 c5 2. c3 Nf6 3. e5 Nd5 4. Nf3 e6 5. d4 cxd4 6. cxd4 d6 7. Bc4 Nc6 8. 0-0 Be7 9. Qe2 0-0 10. Qe4 Qc7 11. a3 Bd7 12. Bd3 g6 13. Bh6 Rfe8 14. Nbd2 Rad8 15. Rac1 a6 16. Rfe1 dxe5 17. dxe5 b5 18. Qg4 Bf8 19. Bxf8 Rxf8 20. Qh4 Be8 21. Ne4 f6 22. Nc5 Qf7 23. exf6 Qxf6 24. Ng5 1-0

[Event "Moscow Spring Silent Rating"]
[Site "Moscow"]
[Date "2007.04.23"]
[Round "4"]
[White "Napylnikova, Oksana"]
[Black "Malyuga, Valentin"]
[Result "1/2-1/2"]
[WhiteElo "2037"]
[BlackElo "2235"]
[PlyCount "34"]
[EventDate "2007.04.21"]
[EventType "tourn"]
[EventRounds "10"]
[EventCountry "RUS"]
[SourceTitle "EXT 2022"]
[Source "ChessBase"]
[SourceDate "2021.10.06"]
[SourceVersion "1"]
[SourceVersionDate "2021.10.06"]
[SourceQuality "1"]

1. e4 e5 2. Nc3 Nf6 3. g3 d5 4. exd5 Nxd5 5. Bg2 Nxc3 6. bxc3 Bd6 7. Ne2 0-0 8. 0-0 c6 9. d3 Nd7 10. c4 Nf6 11. Rb1 Re8 12. Bg5 Be7 13. Re1 Ng4 14. Bxe7 Rxe7 15. h3 Nh6 16. Nc3 f6 17. g4 Nf7 1/2-1/2

[Event "Moscow Spring Silent Rating"]
[Site "Moscow"]
[Date "2007.04.22"]
[Round "3"]
[White "Serbin, Andrey"]
[Black "Napylnikova, Oksana"]
[Result "1-0"]
[WhiteElo "2148"]
[BlackElo "2037"]
[PlyCount "39"]
[EventDate "2007.04.21"]
[EventType "tourn"]
[EventRounds "10"]
[EventCountry "RUS"]
[SourceTitle "EXT 2022"]
[Source "ChessBase"]
[SourceDate "2021.10.06"]
[SourceVersion "1"]
[SourceVersionDate "2021.10.06"]
[SourceQuality "1"]

1. e4 e5 2. Nf3 d6 3. d4 f6 4. Nc3 Be6 5. Be3 g6 6. Qd2 Ne7 7. 0-0-0 Bg7 8. dxe5 fxe5 9. Ng5 Bg8 10. f4 Nd7 11. Be2 Nf6 12. fxe5 dxe5 13. Qe1 Qc8 14. Rf1 c5 15. Nb5 Kf8 16. Qc3 Bxa2 17. Bxc5 h6 18. Bxe7+ Kxe7 19. Qa3+ Ke8 20. Nd6+ 1-0